000
00319nam a22001457a 4500
008
230524b ||||| |||| 00| 0 eng d
020
_a
9782264054029
041
_a
FRA
080
_a
82
082
_a
82TRO
100
_a
38
101
_a
GJL
245
_a
C'EST ICI QUE L'ON SE QUITTE
_c
TROPPER .J
942
_2
udc
_c
BK
999
_c
59821
_d
59821